The neuroscience of clinical psychiatry : (Record no. 1233)
[ view plain ]
| 000 -LEADER | |
|---|---|
| fixed length control field | 03662cam a2200445 i 4500 |
| 005 - DATE AND TIME OF LATEST TRANSACTION | |
| control field | 20260322212052.0 |
| 008 - FIXED-LENGTH DATA ELEMENTS--GENERAL INFORMATION | |
| fixed length control field | data |
| 010 ## - LIBRARY OF CONGRESS CONTROL NUMBER | |
| LC control number | 2012043162 |
| 016 7# - NATIONAL BIBLIOGRAPHIC AGENCY CONTROL NUMBER | |
| Record control number | 016225551 |
| Source | Uk |
| 019 ## - | |
| -- | 813930517 |
| 020 ## - INTERNATIONAL STANDARD BOOK NUMBER | |
| International Standard Book Number | 9781451101546 (hardback) |
| 020 ## - INTERNATIONAL STANDARD BOOK NUMBER | |
| International Standard Book Number | 1451101546 (hardback) |
| 020 ## - INTERNATIONAL STANDARD BOOK NUMBER | |
| International Standard Book Number | 9781469830155 (electronic) |
| 040 ## - CATALOGING SOURCE | |
| Original cataloging agency | DLC |
| Language of cataloging | eng |
| Description conventions | rda |
| Transcribing agency | DLC |
| Modifying agency | VET |
| -- | BTCTA |
| -- | OCLCO |
| -- | UKMGB |
| -- | YDXCP |
| -- | VET |
| 041 09 - LANGUAGE CODE | |
| Language code of text/sound track or separate title | eng |
| 042 ## - AUTHENTICATION CODE | |
| Authentication code | nlmcopyc |
| -- | nlmcopyc |
| 044 ## - COUNTRY OF PUBLISHING/PRODUCING ENTITY CODE | |
| -- | United States |
| 050 00 - LIBRARY OF CONGRESS CALL NUMBER | |
| Classification number | RC483 |
| Item number | .H54 2013 |
| 060 10 - NATIONAL LIBRARY OF MEDICINE CALL NUMBER | |
| Classification number | WM 140 |
| 082 00 - DEWEY DECIMAL CLASSIFICATION NUMBER | |
| Classification number | 616.89 |
| Edition information | 23 |
| 084 ## - OTHER CLASSIFICATION NUMBER | |
| Classification number | MED105000 |
| Number source | bisacsh |
| 096 ## - LOCALLY ASSIGNED NLM-TYPE CALL NUMBER (OCLC) | |
| Classification number | WM 140 H54 2013 |
| 001 - CONTROL NUMBER | |
| control field | data |
| 100 1# - MAIN ENTRY--PERSONAL NAME | |
| Personal name | Higgins, Edmund S., |
| Relator term | author. |
| 245 14 - TITLE STATEMENT | |
| Title | The neuroscience of clinical psychiatry : |
| Remainder of title | the pathophysiology of behavior and mental illness / |
| Statement of responsibility, etc. | Edmund S. Higgins & Mark S. George. |
| 250 ## - EDITION STATEMENT | |
| Edition statement | Second edition. |
| 264 #1 - PRODUCTION, PUBLICATION, DISTRIBUTION, MANUFACTURE, AND COPYRIGHT NOTICE | |
| Place of production, publication, distribution, manufacture | Philadelphia : |
| Name of producer, publisher, distributor, manufacturer | Wolters Kluwer Health, Lippincott Williams & Wilkins, |
| Date of production, publication, distribution, manufacture, or copyright notice | [2013] |
| 300 ## - PHYSICAL DESCRIPTION | |
| Extent | x, 324 pages : |
| Other physical details | illustrations (some color) ; |
| Dimensions | 27 cm |
| 336 ## - CONTENT TYPE | |
| Content type term | text |
| Source | rdacontent |
| 337 ## - MEDIA TYPE | |
| Media type term | unmediated |
| Source | rdamedia |
| 338 ## - CARRIER TYPE | |
| Carrier type term | volume |
| Source | rdacarrier |
| 504 ## - BIBLIOGRAPHY, ETC. NOTE | |
| Bibliography, etc. note | Includes bibliographical references and index. |
| 520 ## - SUMMARY, ETC. | |
| Summary, etc. | "Neuroscience of Clinical Psychiatry, Second Edition Fully revised and updated in its Second Edition, this handy and accessible reference provides a basic link between the science of the brain and the treatment of common mental health disorders. Ideal for the mental health clinician in training, the psychiatric resident preparing for Board exams, and the practicing clinician looking to keep pace with the latest advances in neuroscience, the book uses clear and direct language to enhance your understanding of basic neuroscientific concepts and the effects of brain chemistry on common behaviors and disorders. Updated content reflects the latest advances in the field, while straightforward discussions make complex material easy to understand and process. The book's concise presentation helps readers grasp, retain, and apply essential concepts. Abundant illustrations and tables support the text and provide vital information at a glance. End-of-chapter review questions reinforce key concepts and assist in Board preparation. Look inside and discover... Updated content reflects the latest advances in the field. Straightforward discussions make complex material easy to understand and process. Concise presentation helps you grasp, retain, and apply essential concepts. Abundant illustrations and tables support the text and provide vital information at a glance. End-of-chapter review questions reinforce key concepts and assist in Board preparation. Pick up your copy today! "--Provided by publisher. |
| 650 12 - SUBJECT ADDED ENTRY--TOPICAL TERM | |
| Topical term or geographic name entry element | Mental Disorders |
| General subdivision | physiopathology |
| 650 22 - SUBJECT ADDED ENTRY--TOPICAL TERM | |
| Topical term or geographic name entry element | Nervous System |
| General subdivision | physiopathology |
| 650 22 - SUBJECT ADDED ENTRY--TOPICAL TERM | |
| Topical term or geographic name entry element | Neuropsychology |
| General subdivision | methods |
| 700 1# - ADDED ENTRY--PERSONAL NAME | |
| Personal name | George, Mark S. |
| Dates associated with a name | 1958- |
| Fuller form of name | (Mark Stork), |
| Relator term | author. |
| 856 40 - ELECTRONIC LOCATION AND ACCESS | |
| Host name | E-Books (Ovid) |
| Public note | Authentication may be required:Neuroscience of clinical psychiatry Edmund S. Higgins, MD, clinical associate professor of family medicine and psychiatry, Medical University of South Carolina, Charleston, South Carolina, Mark S. George, MD, distinguished professor of psychiatry, radiology, and neurosciences, director, MUSC Center for Advanced Imaging Research, Medical University of South Carolina, Charleston, South Carolina ; illustrations by Edmund S. Higgins, MD. |
| Uniform Resource Identifier | <a href="http://ovidsp.ovid.com/ovidweb.cgi?T=JS&PAGE=booktext&NEWS=N&DF=bookdb&AN=01735127/2nd_Edition&XPATH=/PG(0)">http://ovidsp.ovid.com/ovidweb.cgi?T=JS&PAGE=booktext&NEWS=N&DF=bookdb&AN=01735127/2nd_Edition&XPATH=/PG(0)</a> |
| 994 ## - | |
| -- | CDN |
| -- | 20130807 |
| Withdrawn status | Lost status | Damaged status | Not for loan | Home library | Current library | Shelving location | Date acquired | Total checkouts | Full call number | Barcode | Date last seen | Price effective from | Koha item type |
|---|---|---|---|---|---|---|---|---|---|---|---|---|---|
| Franklin | Franklin | General stacks | 22/03/2026 | 616.89 23 | BC0011273 | 22/03/2026 | 22/03/2026 | Books |